[Event "SRB-chT Cup"]
[Site "Zlatibor"]
[Date "2008.06.16"]
[Round "1.7"]
[White "Bakic, Rados"]
[Black "Matijevic, Nenad"]
[Result "1-0"]
[WhiteElo "2385"]
[BlackElo "2208"]
[PlyCount "59"]
[EventDate "2008.06.16"]
[EventType "team"]
[EventRounds "9"]
[EventCountry "YUG"]
[SourceTitle "CBM 125 Extra"]
[Source "ChessBase"]
[SourceDate "2008.09.01"]
[SourceVersion "1"]
[SourceVersionDate "2008.09.01"]
[SourceQuality "1"]

1. d4 d5 2. c4 c6 3. cxd5 cxd5 4. Nc3 Nc6 5. e4 Nf6 6. e5 Ng8 7. f4 f5 8. Nf3 e6 9. Bd3 Nh6 10. h3 Be7 11. Be3 Qb6 12. 0-0 0-0 13. Na4 Qc7 14. Rc1 b6 15. a3 Bd7 16. b4 Qb7 17. Qb3 g6 18. Nc3 Kg7 19. Rf2 Rac8 20. Rfc2 a5 21. b5 Nd8 22. Na4 Ndf7 23. Nc5 bxc5 24. dxc5 Qa7 25. Nd4 a4 26. Qb2 Qa5 27. c6 Be8 28. b6 Nd8 29. b7 Nxb7 30. Qxb7 1-0

[Event "Belgrade CupT final"]
[Site "Belgrade"]
[Date "2008.04.12"]
[Round "4"]
[White "Bakic, Rados"]
[Black "Mihic, Bojan"]
[Result "1-0"]
[WhiteElo "2385"]
[BlackElo "2394"]
[PlyCount "85"]
[EventDate "2008.04.09"]
[EventType "team-swiss"]
[EventRounds "5"]
[EventCountry "SRB"]
[SourceTitle "EXT 2023"]
[Source "ChessBase"]
[SourceDate "2022.10.05"]
[SourceVersion "1"]
[SourceVersionDate "2022.10.05"]
[SourceQuality "1"]

1. d4 d5 2. c4 c6 3. cxd5 cxd5 4. Nc3 Nf6 5. f3 Nc6 6. e4 e6 7. e5 Nd7 8. f4 Qb6 9. Nf3 Be7 10. a3 a6 11. Be3 f6 12. Qd2 Na5 13. Qc2 fxe5 14. fxe5 Nf8 15. b4 Nc6 16. Bd3 Bd7 17. Na4 Qa7 18. Nc5 Rc8 19. Qf2 Nd8 20. 0-0 Bb5 21. Bxb5+ axb5 22. Qe2 Qb6 23. Nd2 Ng6 24. Ndb3 Rc7 25. Rac1 Nf7 26. Qg4 Bxc5 27. Nxc5 Rc6 28. h4 0-0 29. Nd7 Ngxe5 30. Rxc6 bxc6 31. dxe5 Qxe3+ 32. Kh1 Qh6 33. Rf6 Qc1+ 34. Kh2 Re8 35. Rxe6 Rxe6 36. Qxe6 Qf4+ 37. Kh3 Qe3+ 38. g3 h5 39. Qe8+ Kh7 40. Qxf7 Qe2 41. Nf8+ Kh8 42. Qf5 Qc4 43. Qh7# 1-0

[Event "Belgrade tt Cup"]
[Site "Belgrade"]
[Date "2007.04.13"]
[Round "5.1"]
[White "Bakic, Rados"]
[Black "Govedarica, Radovan"]
[Result "1/2-1/2"]
[WhiteElo "2382"]
[BlackElo "2398"]
[PlyCount "69"]
[EventDate "2007.04.09"]
[EventType "team-tourn"]
[EventRounds "5"]
[EventCountry "YUG"]
[SourceTitle "EXT 2008"]
[Source "ChessBase"]
[SourceDate "2007.11.25"]
[SourceVersion "1"]
[SourceVersionDate "2007.11.25"]
[SourceQuality "1"]

1. d4 Nf6 2. c4 e6 3. Nc3 Bb4 4. Qc2 c5 5. dxc5 Bxc5 6. Nf3 0-0 7. Bg5 Be7 8. e3 d6 9. Be2 Nbd7 10. 0-0 b6 11. Rfd1 a6 12. b4 Bb7 13. Rac1 Rc8 14. Qb1 Qc7 15. Nd2 Ne5 16. h3 Rfd8 17. Bf4 Qc6 18. e4 Qc7 19. Be3 Ned7 20. Na4 Rb8 21. Bd4 Ba8 22. Bf1 Rdc8 23. Re1 Bc6 24. Nc3 Qa7 25. Nb3 Qa8 26. Nd5 Bd8 27. Nxf6+ Bxf6 28. Rcd1 Be7 29. f3 b5 30. cxb5 Bxb5 31. a3 Bxf1 32. Rxf1 Qc6 33. Qb2 e5 34. Bf2 Qc3 35. Qb1 1/2-1/2

[Event "Belgrade tt Cup"]
[Site "Belgrade"]
[Date "2007.04.11"]
[Round "3.2"]
[White "Bakic, Rados"]
[Black "Orlov, Pavle"]
[Result "1-0"]
[WhiteElo "2382"]
[BlackElo "2283"]
[PlyCount "90"]
[EventDate "2007.04.09"]
[EventType "team-tourn"]
[EventRounds "5"]
[EventCountry "YUG"]
[SourceTitle "EXT 2008"]
[Source "ChessBase"]
[SourceDate "2007.11.25"]
[SourceVersion "1"]
[SourceVersionDate "2007.11.25"]
[SourceQuality "1"]

1. d4 f5 2. Bg5 c5 3. dxc5 Qa5+ 4. Nc3 e6 5. e4 fxe4 6. Be3 Nf6 7. a3 Be7 8. Nh3 0-0 9. b4 Qd8 10. Ng5 Nd5 11. Qh5 h6 12. Nxd5 Bxg5 13. Bxg5 hxg5 14. h4 g4 15. Bc4 d6 16. cxd6 Nc6 17. Rd1 Bd7 18. Ne3 g3 19. 0-0 gxf2+ 20. Rxf2 Rxf2 21. Kxf2 Qf6+ 22. Kg1 Qc3 23. Qg5 Ne5 24. Bb3 Nf7 25. Qg3 a5 26. Nf5 axb4 27. axb4 Qf6 28. Ne7+ Kh8 29. Qg6 Ra6 30. Qh5+ Nh6 31. Rf1 Qd4+ 32. Kh1 Ra1 33. Rxa1 Qxa1+ 34. Kh2 Qd4 35. Ng6+ Kh7 36. Nf8+ Kh8 37. Nxd7 Qxd6+ 38. Ne5 Qxe5+ 39. Qxe5 Ng4+ 40. Kg3 Nxe5 41. Kf4 Ng6+ 42. Kxe4 Nxh4 43. g3 Nf5 44. g4 Nd6+ 45. Ke5 Nb5 1-0

[Event "Belgrade-chT"]
[Site "Belgrade"]
[Date "2007.??.??"]
[Round "7"]
[White "Bakic, Rados"]
[Black "Danilovic, Aleksandar"]
[Result "1-0"]
[WhiteElo "2380"]
[BlackElo "2385"]
[PlyCount "93"]
[EventDate "2007.10.??"]
[EventType "team-tourn"]
[EventRounds "9"]
[EventCountry "YUG"]
[SourceTitle "EXT 2010"]
[Source "ChessBase"]
[SourceDate "2010.11.25"]
[SourceVersion "1"]
[SourceVersionDate "2010.11.25"]
[SourceQuality "1"]

1. d4 f5 2. Bg5 Nf6 3. Bxf6 exf6 4. e3 d5 5. Nd2 Be6 6. Bd3 c6 7. Qf3 g6 8. h3 Bg7 9. Ne2 Nd7 10. g4 fxg4 11. hxg4 Bf7 12. 0-0-0 Qa5 13. Kb1 0-0-0 14. Rh3 Nf8 15. Nf4 Ne6 16. Nxe6 Bxe6 17. Nb3 Qc7 18. Nc5 Bf7 19. Rc1 b6 20. Nb3 Qd7 21. c4 Kb8 22. cxd5 cxd5 23. Qg3+ Qd6 24. Qxd6+ Rxd6 25. Rch1 h6 26. Nc1 Bf8 27. Ne2 Be8 28. Nf4 Rg8 29. Rc1 g5 30. Bf5 Bf7 31. Ne2 Bg7 32. Rc2 Kb7 33. Nc3 a6 34. Rh1 Rgd8 35. Rhc1 Rc6 36. e4 Bf8 37. exd5 Rc7 38. a3 h5 39. gxh5 Bxh5 40. Re1 Bf7 41. Rh1 Kb8 42. Rh8 Be7 43. Rxd8+ Bxd8 44. f3 Be7 45. Rh2 Ka7 46. Rh7 Bg8 47. Rg7 1-0

[Event "SCG-chT 4th"]
[Site "Vrnjacka Banja"]
[Date "2006.05.02"]
[Round "2"]
[White "Bakic, Rados"]
[Black "Rabrenovic, Vladan"]
[Result "1-0"]
[WhiteElo "2402"]
[BlackElo "2328"]
[PlyCount "49"]
[EventDate "2006.05.01"]
[EventType "team"]
[EventRounds "7"]
[EventCountry "YUG"]
[SourceTitle "CBM 112 Extra"]
[Source "ChessBase"]
[SourceDate "2006.07.14"]
[SourceVersion "1"]
[SourceVersionDate "2006.07.14"]
[SourceQuality "1"]

1. d4 Nf6 2. c4 g6 3. Nc3 d5 4. Nf3 Bg7 5. Bf4 c5 6. dxc5 Qa5 7. cxd5 Ne4 8. Be5 Bxe5 9. Nxe5 Nxc3 10. Qd2 Qxc5 11. Rc1 0-0 12. Rxc3 Qa5 13. e4 Qxa2 14. Bd3 Qa1+ 15. Rc1 Qa4 16. 0-0 Na6 17. Rc4 Qe8 18. Rc3 f6 19. Bxa6 bxa6 20. Nc6 Qd7 21. Rfc1 Qd6 22. f4 e5 23. fxe5 fxe5 24. Qg5 Re8 25. Rf1 1-0

[Event "SCG-chT Premier League"]
[Site "Belgrade"]
[Date "2004.10.03"]
[Round "9"]
[White "Bakic, Rados"]
[Black "Vuckovic, Branko"]
[Result "1/2-1/2"]
[WhiteElo "2392"]
[BlackElo "2189"]
[PlyCount "35"]
[EventDate "2004.09.25"]
[EventType "team"]
[EventRounds "9"]
[EventCountry "YUG"]
[SourceTitle "CBM 102 Extra"]
[Source "ChessBase"]
[SourceDate "2004.11.03"]
[SourceVersion "1"]
[SourceVersionDate "2004.11.03"]
[SourceQuality "1"]

1. d4 Nf6 2. c4 e5 3. dxe5 Ng4 4. Nf3 Bc5 5. e3 Nc6 6. Be2 0-0 7. Nc3 Re8 8. b3 Ncxe5 9. Nxe5 Nxe5 10. Bb2 d6 11. 0-0 Qh4 12. Nd5 Bb6 13. Bd4 Qd8 14. Qd2 Bxd4 15. exd4 Ng6 16. Rfe1 c6 17. Nc3 Bf5 18. Bf1 1/2-1/2

[Event "SCG-chT Premier League"]
[Site "Belgrade"]
[Date "2004.09.26"]
[Round "2"]
[White "Bakic, Rados"]
[Black "Zakic, Srdjan"]
[Result "1-0"]
[WhiteElo "2392"]
[BlackElo "2366"]
[PlyCount "103"]
[EventDate "2004.09.25"]
[EventType "team"]
[EventRounds "9"]
[EventCountry "YUG"]
[SourceTitle "CBM 102 Extra"]
[Source "ChessBase"]
[SourceDate "2004.11.03"]
[SourceVersion "1"]
[SourceVersionDate "2004.11.03"]
[SourceQuality "1"]

1. d4 Nf6 2. c4 g6 3. Nc3 Bg7 4. e4 d6 5. Be2 0-0 6. Be3 c6 7. Nf3 Na6 8. Nd2 e5 9. d5 c5 10. h4 Ne8 11. g4 Nac7 12. Nf1 h6 13. h5 g5 14. a3 Bd7 15. b4 b6 16. Ng3 Qc8 17. 0-0 Bf6 18. f3 Ng7 19. Bd3 Qa6 20. Rf2 Rfb8 21. Rb2 Qc8 22. Kg2 Bd8 23. Rab1 a6 24. Bc2 Nce8 25. Qd3 Nf6 26. Bd1 Bc7 27. Be2 Bd8 28. Qd1 Bc7 29. Nh1 Bd8 30. Nf2 Bc7 31. Nd3 Bd8 32. Rb3 Bc7 33. R1b2 Qe8 34. bxc5 bxc5 35. Rxb8 Rxb8 36. Qb1 Rxb2 37. Qxb2 Qb8 38. Qxb8+ Bxb8 39. Bd1 Bc7 40. Ba4 Bxa4 41. Nxa4 Nd7 42. Bxc5 dxc5 43. Ndxc5 Nxc5 44. Nxc5 Bd6 45. Nxa6 Bxa3 46. c5 Kf8 47. Kf2 Ke7 48. Ke3 Kd7 49. Kd3 Ne8 50. Kc4 Kc8 51. Kb3 Bc1 52. Nb4 1-0

[Event "WICC qual Dubai 25'+10"]
[Site "FIDE.com"]
[Date "2002.03.03"]
[Round "3"]
[White "Velickovic, Sasa"]
[Black "Bakic, Rados"]
[Result "1-0"]
[WhiteElo "2399"]
[BlackElo "2396"]
[PlyCount "25"]
[EventDate "2002.03.01"]
[EventType "swiss"]
[EventRounds "9"]
[EventCountry "UAE"]
[SourceTitle "EXT 2003"]
[Source "ChessBase"]
[SourceDate "2002.11.25"]
[SourceVersion "1"]
[SourceVersionDate "2002.11.25"]
[SourceQuality "1"]

1. e4 c5 2. Nc3 e6 3. f4 b6 4. Nf3 Bb7 5. b3 d6 6. Bb2 Nf6 7. Bb5+ Nbd7 8. Qe2 a6 9. Bxd7+ Qxd7 10. 0-0-0 b5 11. e5 dxe5 12. Nxe5 Qc7 13. Rhe1 1-0

[Event "WICC qual Dubai 25'+10"]
[Site "FIDE.com"]
[Date "2002.03.02"]
[Round "2"]
[White "Bakic, Rados"]
[Black "Panjkovic, Aleksandar"]
[Result "1/2-1/2"]
[WhiteElo "2396"]
[BlackElo "2130"]
[PlyCount "106"]
[EventDate "2002.03.01"]
[EventType "swiss"]
[EventRounds "9"]
[EventCountry "UAE"]
[SourceTitle "EXT 2003"]
[Source "ChessBase"]
[SourceDate "2002.11.25"]
[SourceVersion "1"]
[SourceVersionDate "2002.11.25"]
[SourceQuality "1"]

1. d4 d5 2. c4 c6 3. cxd5 cxd5 4. Nc3 Nf6 5. Bg5 Ne4 6. Nxe4 dxe4 7. a3 Nc6 8. d5 Ne5 9. Qa4+ Bd7 10. Qxe4 Qa5+ 11. Bd2 Qc7 12. Rc1 Qd6 13. Bf4 f6 14. Nf3 Nxf3+ 15. exf3 e5 16. dxe6 Qxe6 17. Bc4 Qxe4+ 18. fxe4 Bc6 19. 0-0 g5 20. Bg3 Rd8 21. Rfd1 h5 22. h4 Rh7 23. Rxd8+ Kxd8 24. Rd1+ Ke8 25. e5 fxe5 26. hxg5 Rg7 27. Re1 e4 28. f4 Bd6 29. b4 a6 30. Bh2 Kf8 31. Be2 h4 32. Bd1 a5 33. bxa5 Bxa3 34. Bg4 Bb4 35. Ra1 e3 36. a6 bxa6 37. Rxa6 Bd5 38. Rf6+ Ke7 39. Kf1 Bc4+ 40. Be2 Bd5 41. Bg1 Bd2 42. Bf3 Bc4+ 43. Be2 Bd5 44. Ra6 Rg8 45. Ra7+ Kd6 46. Bh2 Kc5 47. Rc7+ Kd4 48. f5 Rxg5 49. Bf3 Rxf5 50. Rd7 h3 51. Rxd5+ Rxd5 52. Bxd5 hxg2+ 53. Bxg2 Kd3 1/2-1/2

[Event "YUG-chT 52nd"]
[Site "Novi Sad"]
[Date "2000.09.03"]
[Round "10"]
[White "Kostic, Vladimir G"]
[Black "Bakic, Rados"]
[Result "1/2-1/2"]
[WhiteElo "2405"]
[BlackElo "2470"]
[PlyCount "31"]
[EventDate "2000.08.24"]
[EventType "team"]
[EventRounds "11"]
[EventCountry "YUG"]
[SourceTitle "EXT 2001"]
[Source "ChessBase"]
[SourceDate "2000.11.22"]
[SourceVersion "1"]
[SourceVersionDate "2000.11.22"]
[SourceQuality "1"]
[WhiteTeam "Gosa"]
[BlackTeam "Belgrade Partizan"]
[WhiteTeamCountry "YUG"]
[BlackTeamCountry "YUG"]

1. e4 e5 2. Nf3 Nf6 3. Nxe5 d6 4. Nf3 Nxe4 5. Qe2 Qe7 6. d3 Nf6 7. Bg5 Nbd7 8. Nc3 Qxe2+ 9. Bxe2 Be7 10. 0-0-0 h6 11. Bh4 Nf8 12. Nd4 Bd7 13. Rhe1 0-0-0 14. g4 Ng6 15. Nf5 Nxh4 16. Nxe7+ 1/2-1/2

[Event "YUG-chT 52nd"]
[Site "Novi Sad"]
[Date "2000.08.28"]
[Round "5"]
[White "Bakic, Rados"]
[Black "Orlov, Pavle"]
[Result "1/2-1/2"]
[WhiteElo "2470"]
[BlackElo "2384"]
[PlyCount "85"]
[EventDate "2000.08.24"]
[EventType "team"]
[EventRounds "11"]
[EventCountry "YUG"]
[SourceTitle "EXT 2001"]
[Source "ChessBase"]
[SourceDate "2000.11.22"]
[SourceVersion "1"]
[SourceVersionDate "2000.11.22"]
[SourceQuality "1"]
[WhiteTeam "Belgrade Partizan"]
[BlackTeam "JAT"]
[WhiteTeamCountry "YUG"]
[BlackTeamCountry "YUG"]

1. d4 f5 2. Bg5 g6 3. Nd2 Nh6 4. e3 Nf7 5. Bh4 Bg7 6. f4 0-0 7. Ngf3 Qe8 8. c3 Nc6 9. Bc4 d6 10. 0-0 e5 11. Ng5 Ncd8 12. fxe5 dxe5 13. Ndf3 Kh8 14. Nxf7+ Nxf7 15. Bxf7 Qxf7 16. Nxe5 Qe8 17. Bg3 Be6 18. Nf3 c6 19. Be5 Bd5 20. Qe1 b5 21. Qg3 a5 22. Bxg7+ Kxg7 23. Qe5+ Kg8 24. Qxe8 Rfxe8 25. Ne5 a4 26. a3 Re7 27. h3 Rae8 28. Rf4 Rxe5 29. dxe5 Rxe5 30. Rd4 Rxe3 31. Kf2 Re7 32. g3 Kf7 33. Re1 Rb7 34. g4 Kf6 35. Kg3 g5 36. gxf5 Kxf5 37. Rf1+ Kg6 38. h4 h6 39. Re1 Rf7 40. Re3 Rf4 41. hxg5 hxg5 42. Re5 Rf1 43. Rd2 1/2-1/2

[Event "YUG-chT 52nd"]
[Site "Novi Sad"]
[Date "2000.08.25"]
[Round "2"]
[White "Drasko, Milan"]
[Black "Bakic, Rados"]
[Result "0-1"]
[WhiteElo "2485"]
[BlackElo "2470"]
[PlyCount "90"]
[EventDate "2000.08.24"]
[EventType "team"]
[EventRounds "11"]
[EventCountry "YUG"]
[SourceTitle "EXT 2001"]
[Source "ChessBase"]
[SourceDate "2000.11.22"]
[SourceVersion "1"]
[SourceVersionDate "2000.11.22"]
[SourceQuality "1"]
[WhiteTeam "Agrouniverzal"]
[BlackTeam "Belgrade Partizan"]
[WhiteTeamCountry "YUG"]
[BlackTeamCountry "YUG"]

1. Nf3 d5 2. g3 c6 3. Bg2 Nf6 4. 0-0 Bg4 5. d3 Nbd7 6. Nbd2 e5 7. e4 dxe4 8. dxe4 Bc5 9. h3 Bh5 10. Qe1 0-0 11. Nb3 Bb6 12. a4 a5 13. Be3 Bxf3 14. Bxf3 Bxe3 15. Qxe3 Qb6 16. Qc3 Qb4 17. Qxb4 axb4 18. Rfd1 Rfd8 19. Bg2 Kf8 20. f3 Ke7 21. Bf1 Ne8 22. a5 Nc7 23. Ra4 Nc5 24. Nxc5 Rxd1 25. Nd3 Na6 26. Nxe5 Nc5 27. Rxb4 Rxa5 28. Ng4 b5 29. Ne3 Rd2 30. Rd4 Rxd4 31. Nf5+ Kd7 32. Nxd4 Ne6 33. Nb3 Ra2 34. f4 Rxb2 35. Bd3 f6 36. Kf2 Kd6 37. Ke3 g6 38. Kd2 Ra2 39. Kc3 Ra7 40. Kb4 Ra4+ 41. Kc3 Nc7 42. Nd2 c5 43. Nf3 c4 44. Be2 Ra3+ 45. Kd2 Ne6 0-1

[Event "YUG-Cup"]
[Site "Herceg Novi"]
[Date "2000.??.??"]
[Round "5"]
[White "Ilincic, Zlatko"]
[Black "Bakic, Rados"]
[Result "1/2-1/2"]
[WhiteElo "2554"]
[BlackElo "2414"]
[PlyCount "32"]
[EventDate "2000.05.27"]
[EventType "swiss"]
[EventRounds "7"]
[EventCountry "YUG"]
[SourceTitle "EXT 2001"]
[Source "ChessBase"]
[SourceDate "2000.11.22"]
[SourceVersion "1"]
[SourceVersionDate "2000.11.22"]
[SourceQuality "1"]

1. d4 d5 2. c4 dxc4 3. e4 c5 4. d5 Nf6 5. Nc3 b5 6. e5 b4 7. exf6 bxc3 8. bxc3 Ba6 9. Bf4 Nd7 10. Qa4 Qb6 11. fxe7 Bxe7 12. Bxc4 Qb2 13. Rc1 Bxc4 14. Qxc4 Nb6 15. Qe2 Qxe2+ 16. Nxe2 Nxd5 1/2-1/2

[Event "YUG-chT playoff"]
[Site "Vrnjacka Banja"]
[Date "1999.09.01"]
[Round "4"]
[White "Kosic, Dragan"]
[Black "Bakic, Rados"]
[Result "1-0"]
[WhiteElo "2523"]
[BlackElo "2414"]
[PlyCount "105"]
[EventDate "1999.08.29"]
[EventType "team"]
[EventRounds "4"]
[EventCountry "YUG"]
[SourceTitle "EXT 2000"]
[Source "ChessBase"]
[SourceDate "1999.11.16"]
[SourceVersion "1"]
[SourceVersionDate "1999.11.16"]
[SourceQuality "1"]

1. Nf3 c5 2. g3 Nc6 3. Bg2 g6 4. c3 Bg7 5. d4 cxd4 6. cxd4 d5 7. Nc3 e6 8. 0-0 Nge7 9. b3 0-0 10. e3 b6 11. Ba3 Ba6 12. Re1 Re8 13. Rc1 Rc8 14. e4 Qd7 15. e5 Na5 16. h4 h5 17. Ng5 Nf5 18. Bh3 Bh6 19. Rc2 Kg7 20. Bxf5 exf5 21. Qf3 Bb7 22. Rd2 Bc6 23. Ne2 Nb7 24. e6 fxe6 25. Nf4 Bxg5 26. hxg5 Nd6 27. Bxd6 Qxd6 28. Rde2 Bd7 29. Kg2 Kf7 30. Nd3 Kg7 31. Ne5 Bb5 32. Re3 Rc2 33. a4 Ba6 34. Qf4 Qe7 35. Nf3 Bc8 36. Qe5+ Kh7 37. R1e2 Rc7 38. Nh4 Qg7 39. Qf4 Rc6 40. Re5 Bd7 41. R5e3 Bc8 42. Nf3 Ba6 43. Re1 Qe7 44. Ne5 Rc2 45. g4 Rg8 46. gxh5 gxh5 47. Rg3 Kg7 48. g6 Qc7 49. Qg5 Qd8 50. Qxh5 Rh8 51. Qh7+ Rxh7 52. gxh7+ Kf6 53. Rg8 1-0

[Event "YUG-chT playoff"]
[Site "Vrnjacka Banja"]
[Date "1999.08.30"]
[Round "2"]
[White "Blagojevic, Dragisa"]
[Black "Bakic, Rados"]
[Result "1-0"]
[WhiteElo "2446"]
[BlackElo "2414"]
[PlyCount "77"]
[EventDate "1999.08.29"]
[EventType "team"]
[EventRounds "4"]
[EventCountry "YUG"]
[SourceTitle "EXT 2000"]
[Source "ChessBase"]
[SourceDate "1999.11.16"]
[SourceVersion "1"]
[SourceVersionDate "1999.11.16"]
[SourceQuality "1"]

1. d4 Nf6 2. c4 g6 3. Nf3 Bg7 4. g3 0-0 5. Bg2 d6 6. 0-0 c5 7. b3 Nc6 8. Bb2 Ne4 9. e3 Bg4 10. Qc1 Bxf3 11. Bxf3 Ng5 12. Bxc6 bxc6 13. dxc5 Bxb2 14. Qxb2 dxc5 15. f4 Ne4 16. Qc2 f5 17. Nc3 Nxc3 18. Qxc3 Qc7 19. e4 Rad8 20. exf5 Rxf5 21. Rae1 Rd4 22. Qe3 Kf8 23. Rf2 Qd6 24. Rfe2 Rf7 25. Qc3 Kg8 26. Re6 Qd7 27. R1e2 Rd1+ 28. Kg2 Rb1 29. Qd2 Qc7 30. Qe3 Qd7 31. Rd2 Qc7 32. Qxc5 Kg7 33. Rde2 Kf8 34. Rxc6 Qd7 35. Rc8+ Kg7 36. Qe5+ Kh6 37. Rg8 Qc6+ 38. Kh3 Qd7+ 39. g4 1-0

[Event "YUG-chT playoff"]
[Site "Vrnjacka Banja"]
[Date "1999.08.29"]
[Round "1"]
[White "Bakic, Rados"]
[Black "Blagojevic, Dragisa"]
[Result "1/2-1/2"]
[WhiteElo "2414"]
[BlackElo "2446"]
[PlyCount "30"]
[EventDate "1999.08.29"]
[EventType "team"]
[EventRounds "4"]
[EventCountry "YUG"]
[SourceTitle "EXT 2000"]
[Source "ChessBase"]
[SourceDate "1999.11.16"]
[SourceVersion "1"]
[SourceVersionDate "1999.11.16"]
[SourceQuality "1"]

1. c4 e5 2. Nc3 Nc6 3. Nf3 Nf6 4. d3 Bb4 5. Bd2 0-0 6. g3 Bxc3 7. Bxc3 e4 8. dxe4 Nxe4 9. Rc1 d6 10. Bg2 Bf5 11. Nh4 Nxc3 12. Rxc3 Be6 13. 0-0 Qd7 14. Qd2 Rad8 15. e4 Rfe8 1/2-1/2

[Event "Belgrade schev"]
[Site "Belgrade"]
[Date "1999.??.??"]
[Round "5"]
[White "Bakic, Rados"]
[Black "Markovic, Ivan1111"]
[Result "1/2-1/2"]
[WhiteElo "2446"]
[BlackElo "2265"]
[PlyCount "111"]
[EventDate "1999.??.??"]
[EventType "schev"]
[EventRounds "14"]
[EventCountry "YUG"]
[SourceTitle "EXT 2002"]
[Source "ChessBase"]
[SourceDate "2001.11.25"]
[SourceVersion "1"]
[SourceVersionDate "2001.11.25"]
[SourceQuality "1"]

1. c4 c5 2. Nf3 Nc6 3. d4 cxd4 4. Nxd4 Nf6 5. Nc3 e6 6. Bg5 Bb4 7. Rc1 h6 8. Bh4 0-0 9. e3 Ne5 10. a3 Be7 11. Be2 a6 12. 0-0 b6 13. Bg3 Qc7 14. Nf3 d6 15. Nxe5 dxe5 16. b4 Bb7 17. Qb3 Rfd8 18. Rfd1 Qc6 19. f3 Bd6 20. e4 Bc7 21. Bf2 Rxd1+ 22. Rxd1 Rd8 23. Rxd8+ Bxd8 24. Qa4 Qc8 25. Qd1 Bc7 26. Na4 Nd7 27. c5 bxc5 28. Nxc5 Nxc5 29. Bxc5 Kh7 30. Bd3 Qd8 31. Be2 Qe8 32. a4 f5 33. Bd3 fxe4 34. Bxe4+ Bxe4 35. fxe4 Qc6 36. Qc2 Bb6 37. a5 Bd8 38. Qd3 Bxa5 39. h3 Bxb4 40. Bxb4 Qb6+ 41. Kh2 Qxb4 42. Qxa6 Qxe4 43. Qxe6 Qf4+ 44. Kg1 e4 45. Qd7 Qe5 46. Kf2 Qb2+ 47. Ke3 Qxg2 48. Qf5+ Kg8 49. Qe6+ Kf8 50. Qf5+ Ke7 51. Qe5+ Kf7 52. Qf5+ Kg8 53. Qe6+ Kh8 54. Qc8+ Kh7 55. Qf5+ Qg6 56. Kxe4 1/2-1/2